<?xml version="1.0" encoding="UTF-8"?>
<collection xmlns="http://www.loc.gov/MARC21/slim">
  <record>
    <leader>00000nam  2200000   4500</leader>
    <controlfield tag="001">INLIS000000000018309</controlfield>
    <controlfield tag="005">20240926100658</controlfield>
    <datafield tag="035" ind1="#" ind2="#">
      <subfield code="a">0010-0924000138</subfield>
    </datafield>
    <controlfield tag="007">ta</controlfield>
    <controlfield tag="008">240926###########################0######</controlfield>
    <datafield tag="245" ind1="#" ind2="#">
      <subfield code="a">SIPAKATAU :</subfield>
      <subfield code="b">Sistem Informasi Pengelolaan Aset Melalui Kartu Inventaris Ruangan (KIR) /</subfield>
      <subfield code="c">Sri Neswati Risamin, SKM.,M.Adm.Kes</subfield>
    </datafield>
    <datafield tag="260" ind1="#" ind2="#">
      <subfield code="a">Makassar :</subfield>
      <subfield code="b">Puslatbang KMP LAN,</subfield>
      <subfield code="c">2024</subfield>
    </datafield>
    <datafield tag="300" ind1="#" ind2="#">
      <subfield code="a">36 ;</subfield>
      <subfield code="c">30</subfield>
    </datafield>
    <datafield tag="700" ind1=" " ind2="#">
      <subfield code="a">Ir. Hj. Rusmayani Madjid, M.SP (Mentor)</subfield>
    </datafield>
    <datafield tag="700" ind1=" " ind2="#">
      <subfield code="a">Maylitha Achmad, S.Psi.,MBA (Coach)</subfield>
    </datafield>
    <datafield tag="520" ind1="#" ind2="#">
      <subfield code="a">Rumah Sakit Umum Daerah Daya sebagai salah satu OPD Pemerintah Kota (Pemkot) Makassar juga harus selaras dalam Penerapan Sistem Informasi dan Komunikasi, serta ikut andil dalam meningkatkan sinergi dan tata kerja organisasi yang semakin efisien dan profesional.&#13;
&#13;
Bagian Umum RSUD Daya memiliki tugas pokok dan fungsi diantaranya adalah Pengelolaan Aset dan Barang Milik Daerah (BMD). Pada pelaksanaanya, sebagian besar pengelolaan dan pencatatan aset di Rumah Sakit masih bersifat manual Inventaris di setiap ruangan masih berupa kartu-kartu yang ditempelkan di setiap ruangan. Selain belum mendukung kebijakan Pemkot Makassar dalam pengembangan sistem pemerintahan berbasis elektornik, pelaporan manual menyebabkan pencatatan/pelaporan tidak up to date, proses validasi dan verifikasi sulit untuk dilaksanakan sehingga menyebabkan database aset RSUD Daya menjadi kurang akurat.&#13;
&#13;
Sebagaimana tertuang di dalam uraian Tugas Pokok, Fungsi Bagian Umum RSUD Daya Kota Makassar, salah satu kewenangannya adalah pengelolaan asset dan barang milik daerah yang ada di RSUD Daya Kota Makassar. Di dalam pengelolaan asset, BMD RSUD Daya ada beberapa permasalahan yang ditemukan, yaitu Terkait pencatatan aset, belum optimalnya sinkronisasi kondisi sarana prasarana dan alat kesehatan yang ada di data base ASPAK dengan yang tercatat di kartu inventaris ruangan (KIR). Sementara ASPAK ini adalah acuan bagi Rumah Sakit, Dinas Kesehatan Provinsi dan Pusat untuk melakukan perencanaan dan penganggaran terkait pemenuhan sarana dan prasarana Rumah Sakit serta Alat Kesehatan. Hal tersebut bisa saja terjadi karena belum terjalin Koordinasi yang baik antara Kepala Ruangan dan Pengelola Aset Rumah Sakit serta Pengelola ASPAK.&#13;
&#13;
Pemanfaatan digitalisasi sistem informasi untuk pengelolaan Aset diperlukan agar dapat membantu pengumpulan dan pengolahan data informasi inventaris dan dapat memudahkan pelaporan dan penyimpanan data aset serta meminimalisir terjadinya human eror. Hal tersebut diatas dianggap penting untuk dijadikan Gagasan Aksi Perubahan sebagai upaya mengatasi masalah terkait belum Optimalnya Pencatatan dan Pelaporan Aset di lingkup RSUD Daya Kota Makassar dengan Inovasi Sistem Informasi Pengelolaan Aset melalui Kartu Inventaris Ruangan (KIR) digital di RSUD Daya Kota Makassar.</subfield>
    </datafield>
    <datafield tag="600" ind1="#" ind2="4">
      <subfield code="a">Peningkatan Pencatatan Data Aset RSUD Daya Kota Makassar</subfield>
    </datafield>
    <datafield tag="856" ind1="#" ind2="#">
      <subfield code="a">Puslatbang KMP LAN Makassar</subfield>
    </datafield>
  </record>
</collection>
